[Event "XX Sant Marti Open 2018"]
[Site "Sant Marti"]
[Date "2018.07.17"]
[Round "5"]
[White "Iniyan, P."]
[Black "Neelash Saha"]
[Result "0-1"]
[WhiteElo "2451"]
[BlackElo "2319"]
[Annotator "RC"]
[PlyCount "128"]
[EventDate "2018.07.13"]
[EventType "swiss"]
[EventCountry "ESP"]
[SourceTitle "playchess.com"]
[Source "ChessBase"]
[SourceQuality "1"]
[TimeControl "5400+30"]

1. d4 {[%emt 0:00:21]} d5 {[%emt 0:00:00]} 2. c4 {[%emt 0:00:07]} e6 {[%emt 0:00:00]} 3. Nf3 {[%emt 0:00:32]} Nf6 {[%emt 0:00:00]} 4. Nc3 {[%emt 0:01:07]} Bb4 {[%emt 0:00:01]} 5. e3 {[%emt 0:00:30]} O-O {[%emt 0:01:13]} 6. Bd3 {[%emt 0:00:10]} dxc4 {[%emt 0:01:36]} 7. Bxc4 {[%emt 0:00:08]} a6 {[%emt 0:00:03]} 8. O-O {[%emt 0:09:48]} b5 {[%emt 0:02:20]} 9. Bd3 {[%emt 0:00:08]} Bb7 {[%emt 0:00:05]} 10. Qe2 {[%emt 0:07:16]} c5 {[%emt 0:03:45]} 11. Rd1 {[%emt 0:03:23]} Nbd7 {[%emt 0:05:28]} 12. a3 {[%emt 0:10:22]} Bxc3 {[%emt 0:02:37]} 13. bxc3 {[%emt 0:00:05]} c4 {[%emt 0:00:11]} 14. Bb1 {[%emt 0:00:45]} Ne4 {[%emt 0:01:29]} 15. Qc2 {[%emt 0:03:07]} Qa5 {[%emt 0:01:37]} 16. Bb2 {[%emt 0:03:00]} Nb6 {[%emt 0:01:17]} 17. Nd2 {[%emt 0:01:21]} f5 {[%emt 0:00:19]} 18. f3 {[%emt 0:11:48]} Nf6 {[%emt 0:02:24]} 19. a4 {[%emt 0:08:57]} Nxa4 {[%emt 0:01:27]} 20. Nxc4 {[%emt 0:00:05]} Qc7 {[%emt 0:00:28]} 21. Rxa4 {[%emt 0:00:04]} bxa4 {[%emt 0:00:18]} 22. Ne5 {[%emt 0:01:02]} Nd7 {[%emt 0:01:12]} 23. Nd3 {[%emt 0:00:52]} Bd5 {[%emt 0:09:48]} 24. Qxa4 {[%emt 0:00:18]} a5 {[%emt 0:00:32]} 25. Re1 {[%emt 0:08:18]} Rfb8 {[%emt 0:07:41]} 26. e4 {[%emt 0:00:40]} fxe4 {[%emt 0:07:28]} 27. fxe4 {[%emt 0:00:07]} Bc4 {[%emt 0:00:03]} 28. Qa1 {[%emt 0:00:32]} Rb7 {[%emt 0:01:49]} 29. Bc1 {[%emt 0:03:36]} Rab8 {[%emt 0:04:24]} 30. Bc2 {[%emt 0:03:50]} e5 {[%emt 0:02:17]} 31. Be3 {[%emt 0:01:03]} Bb3 {[%emt 0:03:59]} 32. Bb1 {[%emt 0:01:13]} a4 {[%emt 0:06:14]} 33. dxe5 {[%emt 0:03:15]} Qa5 {[%emt 0:02:41]} 34. Bd4 {[%emt 0:01:10]} a3 {[%emt 0:05:08]} 35. Ba2 {[%emt 0:00:08]} Bxa2 {[%emt 0:04:52]} 36. Qxa2+ {[%emt 0:00:06]} Kh8 37. e6 {[%emt 0:00:57]} Nf8 {[%emt 0:00:12]} 38. Ne5 {[%emt 0:04:56]} Qa6 {[%emt 0:06:39]} 39. Nf7+ {[%emt 0:03:17]} Kg8 {[%emt 0:00:21]} 40. Ng5 {[%emt 0:01:10]} Rb2 {[%emt 0:00:06]} 41. Qd5 {[%emt 0:01:14]} R2b5 {[%emt 0:00:09]} 42. Bc5 {[%emt 0:01:04]} Rxc5 {[%emt 0:09:08]} 43. Qxc5 {[%emt 0:00:06]} a2 {[%emt 0:00:03]} 44. e7 {[%emt 0:03:45]} Ne6 {[%emt 0:01:14]} 45. Qe5 {[%emt 0:00:53]} Qb6+ {[%emt 0:01:23]} 46. Kh1 {[%emt 0:01:11]} Nc7 {[%emt 0:01:28]} 47. Qf5 {[%emt 0:00:22]} Qg6 {[%emt 0:01:39]} 48. Qf4 {[%emt 0:03:12]} Rc8 {[%emt 0:03:13]} 49. Rf1 {[%emt 0:00:59]} Qf6 {[%emt 0:00:34]} 50. Qc1 {[%emt 0:00:24]} Rb8 {[%emt 0:01:07]} 51. Rd1 {[%emt 0:00:21]} Qxe7 {[%emt 0:00:44]} 52. Qd2 {[%emt 0:00:12]} Ra8 {[%emt 0:00:13]} 53. Ra1 {[%emt 0:00:08]} h6 {[%emt 0:00:42]} 54. Nf3 {[%emt 0:00:42]} Qxe4 {[%emt 0:00:10]} 55. Qb2 {[%emt 0:00:03]} Qa4 {[%emt 0:00:57]} 56. Nd4 {[%emt 0:00:52]} Qa3 {[%emt 0:01:49]} 57. Qxa3 {[%emt 0:01:53]} Rxa3 {[%emt 0:00:02]} 58. Kg1 {[%emt 0:00:24]} Nd5 {[%emt 0:00:26]} 59. Nc2 {[%emt 0:00:03]} Ra4 {[%emt 0:00:06]} 60. c4 {[%emt 0:00:43]} Nc3 {[%emt 0:00:10]} 61. Ne3 {[%emt 0:01:08]} Rb4 {[%emt 0:00:17]} 62. Rf1 {[%emt 0:00:06]} Rb2 {[%emt 0:00:30]} 63. c5 {[%emt 0:01:22]} Ne2+ {[%emt 0:00:25]} 64. Kf2 {[%emt 0:00:03]} Nc1+ {[%emt 0:00:04]} 0-1

[Event "XX Sant Marti Open 2018"]
[Site "Sant Marti"]
[Date "2018.07.17"]
[Round "5"]
[White "Fernandez Cardoso, Alexey"]
[Black "Serarols Mabras, Bernat"]
[Result "1/2-1/2"]
[WhiteElo "2439"]
[BlackElo "2269"]
[Annotator "ChessBase"]
[PlyCount "86"]
[EventDate "2018.07.13"]
[EventType "swiss"]
[EventCountry "ESP"]
[SourceTitle "playchess.com"]
[Source "ChessBase"]
[SourceQuality "1"]
[TimeControl "5400+30"]

1. e4 {[%emt 0:00:00]} c6 {[%emt 0:00:23]} 2. d4 {[%emt 0:00:00]} d5 {[%emt 0:00:44]} 3. e5 {[%emt 0:00:00]} Bf5 {[%emt 0:00:55]} 4. Nf3 {[%emt 0:00:00]} e6 {[%emt 0:00:53]} 5. Be2 {[%emt 0:00:00]} c5 {[%emt 0:00:44]} 6. O-O {[%emt 0:01:53]} Nc6 {[%emt 0:01:55]} 7. c3 {[%emt 0:00:08]} cxd4 {[%emt 0:01:57]} 8. cxd4 {[%emt 0:00:10]} Nge7 {[%emt 0:02:05]} 9. Nc3 {[%emt 0:03:24]} Nc8 {[%emt 0:03:41]} 10. Be3 {[%emt 0:02:48]} Be7 {[%emt 0:03:53]} 11. Ne1 {[%emt 0:01:10]} Bg6 {[%emt 0:07:34]} 12. f4 {[%emt 0:00:40]} h5 {[%emt 0:02:04]} 13. a3 {[%emt 0:08:58]} Nb6 {[%emt 0:04:07]} 14. Nf3 {[%emt 0:03:25]} a6 {[%emt 0:10:51]} 15. Nd2 {[%emt 0:10:02]} Rc8 {[%emt 0:06:32]} 16. Rf3 {[%emt 0:06:11]} Bf5 {[%emt 0:09:23]} 17. h3 {[%emt 0:03:46]} Na5 {[%emt 0:07:02]} 18. Nf1 {[%emt 0:02:26]} Bg6 {[%emt 0:04:13]} 19. Ng3 {[%emt 0:06:01]} Nbc4 {[%emt 0:05:24]} 20. Bc1 {[%emt 0:02:55]} Nc6 {[%emt 0:02:57]} 21. Kh1 {[%emt 0:05:24]} Qb6 {[%emt 0:03:56]} 22. Bxc4 {[%emt 0:01:42]} dxc4 {[%emt 0:00:19]} 23. d5 {[%emt 0:00:46]} exd5 {[%emt 0:02:21]} 24. f5 {[%emt 0:00:32]} Bh7 {[%emt 0:04:16]} 25. f6 {[%emt 0:00:30]} gxf6 {[%emt 0:04:32]} 26. exf6 {[%emt 0:00:26]} Bd6 {[%emt 0:00:20]} 27. Re3+ {[%emt 0:03:43]} Kd7 {[%emt 0:04:08]} 28. Qxh5 {[%emt 0:07:22]} Bg6 {[%emt 0:00:30]} 29. Qg4+ {[%emt 0:00:13]} Kd8 {[%emt 0:00:08]} 30. Nf5 {[%emt 0:00:23]} Ne5 {[%emt 0:02:53]} 31. Rxe5 {[%emt 0:01:17]} Bxe5 {[%emt 0:00:13]} 32. Ne7 {[%emt 0:00:40]} Rc6 {[%emt 0:02:36]} 33. Ncxd5 {[%emt 0:03:31]} Qd4 {[%emt 0:00:01]} 34. Bf4 {[%emt 0:01:29]} Bxf4 {[%emt 0:01:32]} 35. Nxf4 {[%emt 0:01:17]} Qxf6 {[%emt 0:00:26]} 36. Rd1+ {[%emt 0:05:14]} Rd6 {[%emt 0:00:47]} 37. Qc8+ {[%emt 0:00:58]} Kxe7 {[%emt 0:00:13]} 38. Qc7+ {[%emt 0:00:05]} Kf8 {[%emt 0:01:22]} 39. Rxd6 {[%emt 0:00:58]} Qxb2 {[%emt 0:00:45]} 40. Nxg6+ {[%emt 0:00:00]} Kg7 {[%emt 0:00:00]} 41. Nxh8 Qa1+ 42. Kh2 Qe5+ 43. Kg1 Qe1+ {Ng6} 1/2-1/2

[Event "XX Sant Marti Open 2018"]
[Site "Sant Marti"]
[Date "2018.07.17"]
[Round "5"]
[White "Ruiz Castillo, Joshua Daniel"]
[Black "Vatsal Singhania"]
[Result "1-0"]
[WhiteElo "2410"]
[BlackElo "2193"]
[Annotator "NA"]
[PlyCount "98"]
[EventDate "2018.07.13"]
[EventType "swiss"]
[EventCountry "ESP"]
[SourceTitle "playchess.com"]
[Source "ChessBase"]
[SourceQuality "1"]
[TimeControl "5400+30"]

1. e4 {[%emt 0:00:00]} e6 {[%emt 0:00:00]} 2. d4 {[%emt 0:00:00]} d5 {[%emt 0:00:00]} 3. Nc3 {[%emt 0:00:00]} Nf6 {[%emt 0:00:00]} 4. e5 {[%emt 0:00:00]} Nfd7 {[%emt 0:00:00]} 5. f4 {[%emt 0:00:00]} c5 {[%emt 0:00:00]} 6. Nf3 {[%emt 0:00:00]} Nc6 {[%emt 0:00:11]} 7. Be3 {[%emt 0:00:01]} a6 {[%emt 0:00:06]} 8. Qd2 {[%emt 0:00:09]} cxd4 {[%emt 0:01:44]} 9. Nxd4 {[%emt 0:00:06]} Nxd4 {[%emt 0:00:04]} 10. Bxd4 {[%emt 0:00:03]} Bc5 {[%emt 0:00:06]} 11. O-O-O {[%emt 0:03:01]} O-O {[%emt 0:00:47]} 12. Ne2 {[%emt 0:00:54]} Qc7 {[%emt 0:03:53]} 13. Kb1 {[%emt 0:00:17]} b5 {[%emt 0:02:02]} 14. h4 {[%emt 0:00:09]} a5 {[%emt 0:02:58]} 15. Bxc5 {[%emt 0:03:30]} Nxc5 {[%emt 0:06:25]} 16. Nd4 {[%emt 0:00:04]} Ba6 {[%emt 0:04:10]} 17. Qe3 {[%emt 0:02:36]} b4 {[%emt 0:08:40]} 18. Bd3 {[%emt 0:00:48]} b3 {[%emt 0:30:43]} 19. Nxb3 {[%emt 0:11:02]} Bxd3 {[%emt 0:01:49]} 20. Qxc5 {[%emt 0:02:05]} Qxc5 {[%emt 0:00:06]} 21. Nxc5 {[%emt 0:00:03]} Bxc2+ {[%emt 0:00:06]} 22. Kxc2 {[%emt 0:00:03]} Rfc8 {[%emt 0:00:04]} 23. Kb1 {[%emt 0:04:52]} Rxc5 {[%emt 0:00:23]} 24. Rc1 {[%emt 0:00:01]} Rb5 {[%emt 0:00:10]} 25. h5 {[%emt 0:00:06]} Rab8 {[%emt 0:00:55]} 26. Rc2 {[%emt 0:00:04]} h6 {[%emt 0:00:13]} 27. g3 {[%emt 0:00:36]} Kh7 {[%emt 0:02:28]} 28. Ka1 {[%emt 0:00:20]} a4 {[%emt 0:02:29]} 29. Rd1 {[%emt 0:04:48]} R8b7 {[%emt 0:02:29]} 30. Rd4 {[%emt 0:00:34]} a3 {[%emt 0:00:59]} 31. b3 {[%emt 0:00:01]} Rb4 {[%emt 0:00:05]} 32. Rcd2 {[%emt 0:02:03]} g6 {[%emt 0:07:25]} 33. g4 {[%emt 0:00:05]} gxh5 {[%emt 0:01:55]} 34. gxh5 {[%emt 0:00:01]} Rb8 {[%emt 0:00:07]} 35. Kb1 {[%emt 0:00:08]} Rc4 {[%emt 0:08:51]} 36. R2d3 {[%emt 0:02:23]} Rxd4 {[%emt 0:10:13]} 37. Rxd4 {[%emt 0:00:03]} Rg8 {[%emt 0:00:36]} 38. Kc2 {[%emt 0:02:14]} Rg2+ {[%emt 0:00:27]} 39. Rd2 {[%emt 0:00:05]} Rg4 {[%emt 0:00:12]} 40. Rf2 {[%emt 0:01:15]} Rh4 {[%emt 0:04:27]} 41. b4 {[%emt 0:00:05]} Rxh5 {[%emt 0:00:07]} 42. Kb3 {[%emt 0:03:18]} Rh1 {[%emt 0:00:28]} 43. Kxa3 {[%emt 0:00:15]} h5 {[%emt 0:00:08]} 44. Rb2 {[%emt 0:00:11]} Rc1 {[%emt 0:00:53]} 45. b5 {[%emt 0:00:05]} Rc8 {[%emt 0:00:12]} 46. b6 {[%emt 0:00:07]} d4 {[%emt 0:00:32]} 47. Kb4 {[%emt 0:00:34]} d3 {[%emt 0:02:08]} 48. a4 {[%emt 0:02:44]} h4 {[%emt 0:00:28]} 49. Rd2 {[%emt 0:00:14]} Kg6 {[%emt 0:00:24]} 1-0

[Event "XX Sant Marti Open 2018"]
[Site "Sant Marti"]
[Date "2018.07.17"]
[Round "5"]
[White "Navarro Lopez-Menchero, Daniel"]
[Black "Krysa, Leandro"]
[Result "1/2-1/2"]
[WhiteElo "2297"]
[BlackElo "2533"]
[Annotator "TA"]
[PlyCount "54"]
[EventDate "2018.07.13"]
[EventType "swiss"]
[EventCountry "ESP"]
[SourceTitle "playchess.com"]
[Source "ChessBase"]
[SourceQuality "1"]

{[%evp 22,54,30,43,43,41,35,21,29,25,55,55,48,55,52,38,39,46,56,47,64,55,55,64,65,22,20,20,42,28,33,0,28,0,43]} 1. e4 e5 2. Nf3 Nc6 3. Bc4 Nf6 4. d3 Bc5 5. O-O d6 6. c3 h6 7. h3 O-O 8. Re1 a5 {C54: Giuoco Piano: 4 c3 Nf6, main lines with 5 d4 and 5 d3} 9. Nbd2 {[%cal Bb1d2,Bd2f1,Bf1g3][%mdl 32]} Ba7 10. Nf1 Ne7 11. Bb3 Ng6 12. Ng3 {LiveBook: 3 Games} c6 $146 ({Predecessor:} 12... b5 13. d4 Re8 14. Bc2 c5 15. Be3 Bb7 16. dxe5 dxe5 {0-1 (38) Van Foreest,J (2609)-Harikrishna,P (2733) Germany 2018}) 13. d4 Re8 14. Be3 exd4 15. Bxd4 Bb8 16. a4 Bc7 17. Qc2 Ne5 18. Nxe5 dxe5 19. Bc5 Be6 20. Bxe6 Rxe6 21. Rad1 Qe8 22. Nf5 Kh7 23. Qb3 b6 24. Bd6 Qb8 {[%cal Rc7d6]} 25. Be7 {aiming for Bxf6.} Qe8 26. Bd6 Qb8 {[%cal Rc7d6]} 27. Be7 {Threatens to win with Bxf6.} Qe8 {Precision: White = 68%, Black = 88%.} 1/2-1/2

[Event "XX Sant Marti Open 2018"]
[Site "Sant Marti"]
[Date "2018.07.18"]
[Round "6"]
[White "Guseinov, Gadir"]
[Black "Cuartas, Jaime Alexander"]
[Result "1/2-1/2"]
[WhiteElo "2654"]
[BlackElo "2508"]
[Annotator "TA"]
[PlyCount "41"]
[EventDate "2018.07.13"]
[EventType "swiss"]
[EventCountry "ESP"]
[SourceTitle "playchess.com"]
[Source "ChessBase"]
[SourceQuality "1"]

{[%evp 27,41,-9,-18,-13,-20,-10,-15,-8,-18,-45,0,-29,-26,-18,-15,-36]} 1. e4 e5 2. Nf3 Nc6 3. Bb5 {[%cal Bf1b5,Bb5a4,Ba4b3][%mdl 32]} a6 4. Ba4 Nf6 5. O-O b5 6. Bb3 Bb7 7. Re1 Be7 8. d4 d6 9. c3 O-O 10. h3 Re8 11. d5 {C92: Closed Ruy Lopez: 9...Be6, Karpov and Flohr-Zaitsev Variations} Nb8 {[%cal Bc6b8,Bb8d7,Bd7c5][%mdl 32]} 12. Nbd2 {[%cal Bb1d2,Bd2f1,Bf1g3,Bg3f5][%mdl 32]} Nbd7 13. Nf1 Nc5 14. Bc2 c6 {[%cal Rc6d5] LiveBook: 3 Games} 15. b4 Ncd7 {[%cal Rc6d5]} 16. dxc6 $1 Bxc6 17. Ng3 Bf8 {[#]} 18. Nf5 $146 ({Predecessor:} 18. Bb3 h6 19. Nh4 a5 20. a3 Nb6 21. Ng6 axb4 22. cxb4 d5 23. Nxf8 Kxf8 24. Bxh6 gxh6 {½-½ (154) Wang,H (2709)-Grischuk,A (2772) Huaian 2017}) 18... d5 {[%cal Rf6e4]} 19. exd5 Bxd5 20. Ne3 Bb7 21. a4 1/2-1/2

[Event "XX Sant Marti Open 2018"]
[Site "Sant Marti"]
[Date "2018.07.18"]
[Round "6"]
[White "Krysa, Leandro"]
[Black "Mitrabha, Guha"]
[Result "0-1"]
[WhiteElo "2533"]
[BlackElo "2299"]
[Annotator "ChessBase"]
[PlyCount "42"]
[EventDate "2018.07.13"]
[EventType "swiss"]
[EventCountry "ESP"]
[SourceTitle "playchess.com"]
[Source "ChessBase"]
[SourceQuality "1"]
[TimeControl "5400+30"]

1. d4 {[%emt 1:29:56]} Nf6 {[%emt 1:02:16]} 2. c4 {[%emt 0:00:30]} Nc6 {[%emt 0:00:30]} 3. Nf3 {[%emt 0:00:30]} e6 {[%emt 0:00:30]} 4. g3 {[%emt 0:00:30]} Bb4+ {[%emt 0:00:30]} 5. Bd2 {[%emt 0:00:30]} Qe7 {[%emt 0:00:30]} 6. e3 {[%emt 0:00:30]} Ne4 {[%emt 0:00:30]} 7. Bg2 {[%emt 0:00:30]} Nxd2 {[%emt 0:00:30]} 8. Nbxd2 {[%emt 0:00:30]} Bxd2+ {[%emt 0:00:30]} 9. Qxd2 {[%emt 0:00:30]} Qb4 {[%emt 0:00:30]} 10. Qxb4 {[%emt 0:00:30]} Nxb4 {[%emt 0:00:30]} 11. Kd2 {[%emt 0:00:30]} a5 {[%emt 0:00:30]} 12. Kc3 {[%emt 0:00:30]} d6 {[%emt 0:00:30]} 13. Nd2 {[%emt 0:00:30]} Nc6 {[%emt 0:00:30]} 14. b3 {[%emt 0:00:30]} Bd7 {[%emt 0:00:30]} 15. a3 {[%emt 0:00:30]} Ke7 {[%emt 0:00:30]} 16. b4 {[%emt 0:00:30]} Ra7 {[%emt 0:00:30]} 17. b5 {[%emt 0:00:30]} Nd8 {[%emt 0:00:30]} 18. Rab1 {[%emt 0:00:30]} b6 {[%emt 0:00:30]} 19. c5 {[%emt 0:00:30]} dxc5 {[%emt 0:00:30]} 20. dxc5 {[%emt 0:00:30]} bxc5 {[%emt 0:00:30]} 21. a4 {[%emt 0:00:30]} h6 {[%emt 0:00:30]} 0-1

[Event "XX Sant Marti Open 2018"]
[Site "Sant Marti"]
[Date "2018.07.18"]
[Round "6"]
[White "Alonso Rosell, Alvar"]
[Black "Frayna, Janelle Mae"]
[Result "1-0"]
[WhiteElo "2523"]
[BlackElo "2315"]
[Annotator "TA"]
[PlyCount "99"]
[EventDate "2018.07.13"]
[EventType "swiss"]
[EventCountry "ESP"]
[SourceTitle "playchess.com"]
[Source "ChessBase"]
[SourceQuality "1"]

{[%evp 25,99,20,47,35,50,46,50,40,56,44,56,47,56,54,47,47,62,19,51,60,60,58,42,28,64,60,58,75,76,70,85,81,130,31,31,35,27,24,19,20,39,0,0,0,0,0,32,0,0,0,201,220,198,170,1290,1289,1279,1234,29965,8299,29989,1371,6019,734,1333,1332,1248,1177,1105,1110,1039,990,985,942,4845,4841]} 1. Nf3 g6 2. c4 Bg7 3. d4 d6 4. e4 e5 5. Be2 Nc6 6. Be3 Bg4 7. d5 Bxf3 8. Bxf3 Nd4 9. Bxd4 exd4 10. O-O {A41: 1 d4 d6: Tartakower System and Modern Defence} Ne7 11. Nd2 {[%cal Bb1d2,Bd2f1,Bf1g3,Bg3f5][%mdl 32]} (11. Na3 c5 12. Nc2 O-O 13. Ne1 a6 14. Be2 Rb8 15. a4 Nc8 16. a5 Re8 17. Qc2 Qe7 {1-0 (54) Van Wely,L (2695)-Degraeve,J (2591) chess.com INT 2017}) 11... c5 12. Be2 O-O 13. Bd3 Qd7 {LiveBook: 5 Games} 14. Re1 {[#]} g5 $146 ({Predecessor:} 14... f5 15. Nf3 fxe4 16. Rxe4 Bf6 17. Re6 b5 18. Nd2 bxc4 19. Nxc4 Nxd5 20. Rxd6 {1-0 (30) Kuljasevic,D (2561)-Rotstein,A (2506) Austria 2013}) 15. Qh5 {Strongly threatening e5.} h6 16. Nf1 Ng6 17. Ng3 Ne5 18. Rad1 Qg4 19. Qxg4 Nxg4 20. Nf5 Rfd8 21. h4 a6 22. hxg5 hxg5 23. g3 b5 24. b3 Ne5 25. Kg2 Ng6 26. Rf1 g4 27. Rh1 Ne5 28. Rh5 Ra7 29. cxb5 (29. Rg5 $16 f6 30. Rh5 (30. Rxg7+ Rxg7 31. Nxg7 Kxg7 $17)) 29... axb5 $14 30. Bxb5 {Hoping for a4.} Rxa2 31. Rg5 Ng6 32. Rxg4 Bf6 33. Rh1 (33. e5 $5 Bxe5 34. Ne7+ Kf8 35. Nxg6+ fxg6 36. Rxg6 $14) 33... Kf8 34. Rh7 Kg8 35. Rh5 Rb2 36. Nh6+ (36. e5 $5 Bxe5 37. Ne7+ Kg7 38. Bd3 $14) 36... Kg7 37. Bc4 Kf8 $2 (37... Rd2 $11 {and Black stays safe.}) 38. Rf5 $18 Ke7 {[#]} 39. e5 $1 $36 {[%cal Re5f6][%mdl 2048] Black is under strong pressure.} dxe5 $2 {[#]} (39... Nxe5 40. Ng8+ {[#]} Rxg8 $1 {[%mdl 512]} 41. Rxg8 Nxc4 42. bxc4 d3) 40. d6+ $1 {[%mdl 512]} Rxd6 41. Nxf7 Re6 42. Rxg6 d3 43. Nh6 (43. Bxe6 $142 e4 44. Rfxf6 e3 45. Ne5 Rxf2+ 46. Rxf2 exf2 47. Nxd3 Kf8 48. Nxc5) 43... d2 {White is clearly winning.} 44. Be2 e4 45. Ng8+ Kf7 46. Rgxf6+ Rxf6 47. Nxf6 Kg6 48. Rf4 e3 49. Ng4 exf2 50. Bd1 {Precision: White = 64%, Black = 35%.} 1-0

[Event "XX Sant Marti Open 2018"]
[Site "Sant Marti"]
[Date "2018.07.18"]
[Round "6"]
[White "Oliva Castaneda, Kevel"]
[Black "Smirnov, Artem"]
[Result "1/2-1/2"]
[WhiteElo "2491"]
[BlackElo "2405"]
[Annotator "TA"]
[PlyCount "110"]
[EventDate "2018.07.13"]
[EventType "swiss"]
[EventCountry "ESP"]
[SourceTitle "playchess.com"]
[Source "ChessBase"]
[SourceQuality "1"]

{[%evp 13,110,0,35,0,0,0,0,0,0,0,33,-41,0,0,20,36,37,33,84,67,94,35,62,-10,0,-13,27,0,0,0,0,-9,-11,-11,0,0,0,0,72,0,0,0,0,-45,-54,-34,-34,-52,-50,-42,-41,-77,-70,-52,0,0,41,33,62,0,76,22,16,21,19,20,18,23,21,18,13,16,26,6,35,35,35,35,35,35,61,31,57,57,57,57,54,7,7,7,8,13,14,14,14,13,13,13,38]} 1. d4 d5 2. c4 dxc4 3. e3 e5 4. Bxc4 Nc6 5. Nf3 e4 6. Nfd2 {D20: Queen's Gambit Accepted: 3 e3 and 3 e4} Qg5 7. g3 Nf6 {LiveBook: 16 Games} 8. Qb3 $146 {White is slightly better.} ({Predecessor:} 8. Nc3 Bb4 9. a3 Bxc3 10. bxc3 O-O 11. Bb2 Bg4 12. Be2 {0-1 (39) Dubov,D (2677)-Alekseenko,K (2563) Sochi 2017}) 8... Qg6 9. Nc3 Bd6 10. Nd5 Ng4 11. Nc3 O-O (11... Nf6 {with more complications.}) 12. Be2 ({Reject} 12. Ncxe4 Na5 $15) (12. Ndxe4 $14 Na5 13. Qb5 Nxc4 14. Qxc4) 12... Bf5 13. Nc4 Nb4 14. Nxd6 Qxd6 15. O-O Rfe8 (15... Nf6 $14) 16. Bd2 {aiming for Nb5.} a5 17. a3 ({White should play} 17. Nb5 $1 $16 {[%cal Rb5d6]} Qh6 18. Bxg4 Bxg4 19. Bxb4 (19. Nxc7 Qh3 $14)) 17... Nc6 18. h3 ({Better is} 18. Qb5 $14 g6 19. Rfc1) 18... Nf6 $11 19. Kg2 ({Wrong is} 19. Qxb7 $2 Reb8 $19) 19... h5 20. Rh1 Ne7 21. Rac1 c6 22. Na4 b5 {Hoping for ...Be6.} 23. Nc5 a4 24. Qd1 h4 25. Qg1 Ned5 (25... Bg6 $11) 26. g4 (26. gxh4 $16 Nd7 27. Qh2) 26... Bg6 27. Qh2 Qe7 28. Rc2 (28. Qe5 $5) 28... Nh7 29. Rcc1 Ng5 30. Qe5 Qxe5 (30... f5 $5) 31. dxe5 Rxe5 32. Nb7 {[#]} Re6 $1 33. Rhd1 Nf3 (33... f5 $15) 34. Nc5 Rf6 35. Bc3 Nxc3 36. Rxc3 (36. bxc3 $14 Ne5 37. Rd4) 36... Ne5 {[#]} (36... Re8 $11) 37. g5 (37. Rd4 $1 $16) 37... Rf5 38. Nxe4 Nc4 $1 39. Bxc4 bxc4 40. Rxc4 Rb8 41. Rd2 Rd5 42. Rdd4 Rxb2 43. Rxa4 {And now Rxd5 would win.} Bxe4+ 44. Rxe4 Rxg5+ {[%mdl 4096] Endgame KRR-KRR} 45. Kf3 Rf5+ 46. Rf4 Rbb5 47. Rac4 Rxf4+ 48. Kxf4 $14 {KR-KR} Rb2 49. Kf3 Ra2 50. Rxc6 {Threatens to win with Ra6.} Rxa3 {The position is equal.} 51. Kg4 Ra2 52. f4 Rg2+ 53. Kxh4 f5 54. Rc5 g6 55. Re5 Kf7 {Precision: White = 52%, Black = 64%.} 1/2-1/2

[Event "XX Sant Marti Open 2018"]
[Site "Sant Marti"]
[Date "2018.07.18"]
[Round "6"]
[White "Pena Gomez, Manuel"]
[Black "Quesada Perez, Yasser"]
[Result "1/2-1/2"]
[WhiteElo "2475"]
[BlackElo "2531"]
[Annotator "TA"]
[PlyCount "125"]
[EventDate "2018.07.13"]
[EventType "swiss"]
[EventCountry "ESP"]
[SourceTitle "playchess.com"]
[Source "ChessBase"]
[SourceQuality "1"]

{[%evp 16,125,4,-1,13,-7,5,5,15,14,14,0,0,0,0,-61,-1,-15,-6,-28,0,0,0,0,0,0,0,0,0,0,0,0,11,0,0,-35,-30,-18,0,-26,-31,-35,-51,-33,-55,-112,-104,-102,-17,-17,-15,-28,-26,-27,-9,-15,0,-28,-26,-39,0,-27,-61,-82,-10,-10,-10,-10,0,0,0,0,0,0,0,0,0,0,0,0,0,0,0,0,0,0,0,0,0,0,0,0,0,0,0,0,0,0,0,0,0,0,0,0,0,0,0,0,0,0,0,0]} 1. Nf3 d5 2. g3 Nf6 3. Bg2 Bf5 4. O-O e6 5. d3 h6 6. Nc3 {A07: Barcza-System (Königsfianchetto mit möglichen Übergängen in andere Systeme)} (6. Nbd2 Be7 7. b3 O-O 8. Bb2 c5 9. Re1 Nc6 10. e4 Bh7 11. Ne5 Nxe5 12. Bxe5 Rc8 13. a4 b6 14. h3 Re8 15. f4 a6 16. Qe2 b5 17. axb5 axb5 {1-0 (32) Maghsoodloo,P (2584)-Van Wely,L (2675) Bandar e Anzali 2017}) 6... Bh7 7. Nd2 Be7 8. e4 O-O 9. f4 {LiveBook: 5 Partien} dxe4 $146 ({Vorgänger:} 9... c5 10. g4 d4 11. Ncb1 Nc6 12. a4 a6 13. Bf3 Nd7 {1-0 (51) Hoffman,A (2440)-Gerstner,W (2355) Biel 1993}) 10. dxe4 Nc6 11. Kh1 Nd7 12. a3 Nb6 13. b3 a5 14. Bb2 a4 15. Nb5 (15. b4 $11) 15... Bf6 (15... axb3 $15 16. cxb3 Qd3 17. Nxc7 Rad8) 16. Bxf6 $11 Qxf6 17. Qe1 Nd4 18. e5 ({Falsch wäre} 18. Nxc7 $2 Rac8 $19) 18... Qd8 19. Nxd4 Qxd4 20. Bxb7 {Droht stark Sf3.} Rad8 21. Nf3 Qc5 22. Be4 Bxe4 23. Qxe4 Nd5 24. Rfe1 Nc3 $36 {[%mdl 2048] Schwarz hat gut koordiniertes Spiel.} 25. b4 Qb5 {[%mdl 1024] Schwarz hat Kompensation.} 26. Qe3 $1 {[%cal Re3c3]} Qc6 27. Kg1 Rd5 28. Nd4 Qc4 29. Nf3 Rfd8 30. h4 (30. Kg2 $15) 30... c5 $17 31. bxc5 Qxc5 ({Besser ist} 31... Rxc5 $17 32. Nd2 Qb5) 32. Qxc5 $11 Rxc5 33. Re3 Nd5 34. Re2 Rc3 35. Kf2 Nb6 36. Rb1 Nc4 37. Rb4 Ra8 38. Ne1 Nxa3 39. Rd2 Rc7 (39... Nc4 $17 40. Rd3 a3 41. Rxc3 a2 42. Rbxc4 a1=Q 43. Rc8+ Kh7) 40. Rdd4 {Die Stellung ist ausgeglichen.} Nxc2 41. Rxa4 Rxa4 (41... Rac8 {is more complex.} 42. Rd1 Nxe1 43. Rxe1 h5 44. Rd4 Kh7) 42. Rxa4 Nxe1 43. Kxe1 {[%mdl 4096] Endspiel KT-KT} h5 44. Kf2 Kh7 45. Ra3 Kg6 46. Kf3 Kf5 47. Rb3 f6 48. exf6 gxf6 49. Rb5+ e5 50. fxe5 fxe5 51. Rb3 Rc4 52. Ra3 Rb4 53. Rc3 e4+ 54. Ke3 Kg4 55. Rc5 Rb3+ 56. Kxe4 Rxg3 57. Rc1 Rg2 58. Rc4 Rh2 59. Ke5+ Kg3 60. Kf5 Rxh4 61. Rc3+ Kf2 62. Kg5 Rh1 63. Rc2+ {Precision: Weiß = 63%, Schwarz = 57%.} 1/2-1/2